Lavoravo a strada /

সংরক্ষণ করুন:
গ্রন্থ-পঞ্জীর বিবরন
প্রধান লেখক: Fornasari, Arturo (সুরকার), Gauthier, Mary (সুরকার)
সংস্থা লেখক: Fiori di strada (প্রযোজক)
অন্যান্য লেখক: Soldati, Alessandra, Marolla, Alessandra (পরিচালক)
বিন্যাস: স্লাইড্
ভাষা:ইতালিয়
প্রকাশিত: [Bologna] : Fiori di strada, [2008]
ট্যাগগুলো: ট্যাগ যুক্ত করুন
কোনো ট্যাগ নেই, প্রথমজন হিসাবে ট্যাগ করুন!

MARC

LEADER 00000ngm a22000007i 4500
001 IT\ICCU\UBO\3600690
003 ItRI
005 20260124182805.0
008 090323s2008 it |||||||||||||||k|||||c
040 |b ita 
041 7 |a ita  |2 ISO-639-2 
245 0 0 |a Lavoravo a strada /  |c un documentario di Alessandra Marolla ; montaggio [di] Alessandra Soldati [e] Alessandra Marolla ; musiche [di] Arturo Fornasari e Mary Gauthier. 
260 |a [Bologna] :  |b Fiori di strada,  |c [2008] 
300 |a 1 DVD video (24 min.) :  |b color., son 
500 |a Caratteristiche tecniche: regione 2; PAL; 4:3 
500 |a Lingue e sottotitoli: italiano 
500 |a Tit. del contenitore 
500 |a Produzione cinematografica: italia, 2008 
500 |a Contenuti extra: trailer, storia di Olga, intervista presidente di Fiori distrada onlus, spot realizzati da Sequence regia di Nelson Bova. 
700 1 |a Fornasari, Arturo  |0 IT\ICCU\MODV\596096  |4 cmp 
700 1 |a Soldati, Alessandra  |0 IT\ICCU\UBOV\152657 
700 1 |a Marolla, Alessandra  |0 IT\ICCU\UBOV\315418  |4 drt 
700 1 |a Gauthier, Mary  |0 IT\ICCU\UBOV\967171  |4 cmp 
710 2 |a Fiori di strada  |0 IT\ICCU\UBOV\345260  |4 pro 
942 |2 ddc  |c VM  |n 0 
952 |0 0  |1 0  |4 0  |6 VO_1639_000000000000000  |7 0  |9 26324  |a BO  |b BO  |d 2026-01-24  |i 12627  |l 0  |o VO 1639  |p BO12627  |r 2026-01-24 18:28:05  |w 2026-01-24  |x [Sebina 5] [1 dvd]  |y VM  |z 1 dvd 
999 |c 22243  |d 22243